The block one block in the South Bronx, 1940s-1980s
Neal A. Newfield, Ph.D., LICSW (Giver)
Tallennettuna:
| Päätekijä: | |
|---|---|
| Aineistotyyppi: | Kirja |
| Kieli: | Undetermined |
| Julkaistu: |
New York
NYU Silver School of Social Work
2014
|
| Aiheet: | |
| Linkit: | http://lrc.tdmu.edu.vn/opac/search/detail.asp?aID=2&ID=32307 |
| Tagit: |
Lisää tagi
Ei tageja, Lisää ensimmäinen tagi!
|
| Thư viện lưu trữ: | Trung tâm Học liệu Trường Đại học Thủ Dầu Một |
|---|
| LEADER | 00726nam a2200217Ia 4500 | ||
|---|---|---|---|
| 001 | TDMU_32307 | ||
| 008 | 210410s9999 xx 000 0 und d | ||
| 082 | |a 001.433 | ||
| 090 | |b C428 | ||
| 100 | |a Coltoff, Philip | ||
| 245 | 4 | |a The block | |
| 245 | 0 | |b one block in the South Bronx, 1940s-1980s | |
| 245 | 0 | |c Philip Coltoff | |
| 260 | |a New York | ||
| 260 | |b NYU Silver School of Social Work | ||
| 260 | |c 2014 | ||
| 300 | |a xxii, 148 p. | ||
| 520 | |a Neal A. Newfield, Ph.D., LICSW (Giver) |d 2017 | ||
| 650 | |a Cộng đồng đô thị; Xã hội học đô thị | ||
| 856 | |u http://lrc.tdmu.edu.vn/opac/search/detail.asp?aID=2&ID=32307 | ||
| 980 | |a Trung tâm Học liệu Trường Đại học Thủ Dầu Một | ||